South Eastern Kenya University

Library Online Public Access Catalogue


Charity's sister : (Record no. 10072)

MARC details
000 -LEADER
fixed length control field 01473cam a22004214a 4500
001 - CONTROL NUMBER
control field 16376328
003 - CONTROL NUMBER IDENTIFIER
control field OSt
005 - DATE AND TIME OF LATEST TRANSACTION
control field 20160127151626.0
008 - FIXED-LENGTH DATA ELEMENTS--GENERAL INFORMATION
fixed length control field 100803s2010 nmua b 000 0beng
010 ## - LIBRARY OF CONGRESS CONTROL NUMBER
LC control number 2010033063
016 7# - NATIONAL BIBLIOGRAPHIC AGENCY CONTROL NUMBER
Record control number 101537381
Source DNLM
020 ## - INTERNATIONAL STANDARD BOOK NUMBER
International Standard Book Number 9780865347779 (softcover : alk. paper)
020 ## - INTERNATIONAL STANDARD BOOK NUMBER
International Standard Book Number 0865347778 (softcover : alk. paper)
035 ## - SYSTEM CONTROL NUMBER
System control number (OCoLC)ocn653090248
040 ## - CATALOGING SOURCE
Original cataloging agency SEKU
042 ## - AUTHENTICATION CODE
Authentication code pcc
043 ## - GEOGRAPHIC AREA CODE
Geographic area code n-us-nm
050 00 - LIBRARY OF CONGRESS CALL NUMBER
Classification number RT 37 .B58
Item number G7 2010
100 1# - MAIN ENTRY--PERSONAL NAME
Personal name Graña, Mari,
Dates associated with a name 1936-
245 10 - TITLE STATEMENT
Title Charity's sister :
Remainder of title the story of Sister Mary Joaquin Bitler, SC
Statement of responsibility, etc. by Mari Graña.
260 ## - PUBLICATION, DISTRIBUTION, ETC. (IMPRINT)
Place of publication, distribution, etc. Santa Fe :
Name of publisher, distributor, etc. Sunstone Press,
Date of publication, distribution, etc. c2010.
300 ## - PHYSICAL DESCRIPTION
Extent 164 p. :
Other physical details ill. ;
Dimensions 23 cm.
504 ## - BIBLIOGRAPHY, ETC. NOTE
Bibliography, etc Includes bibliographical references (p. 151-160).
600 10 - SUBJECT ADDED ENTRY--PERSONAL NAME
Personal name Bitler, Mary Joaquin,
Dates associated with a name 1922-2003.
600 12 - SUBJECT ADDED ENTRY--PERSONAL NAME
Personal name Bitler, Mary Joaquin,
Dates associated with a name 1922-2003.
650 #0 - SUBJECT ADDED ENTRY--TOPICAL TERM
Topical term or geographic name as entry element Nurses
Geographic subdivision New Mexico
Form subdivision Biography.
650 #0 - SUBJECT ADDED ENTRY--TOPICAL TERM
Topical term or geographic name as entry element Catholic hospitals
Geographic subdivision New Mexico.
650 #0 - SUBJECT ADDED ENTRY--TOPICAL TERM
Topical term or geographic name as entry element Nuns
Geographic subdivision New Mexico
Form subdivision Biography.
650 12 - SUBJECT ADDED ENTRY--TOPICAL TERM
Topical term or geographic name as entry element Nurses
Geographic subdivision Mexico
Form subdivision Biography.
650 12 - SUBJECT ADDED ENTRY--TOPICAL TERM
Topical term or geographic name as entry element Nurses
Geographic subdivision New Mexico
Form subdivision Biography.
650 22 - SUBJECT ADDED ENTRY--TOPICAL TERM
Topical term or geographic name as entry element Catholicism
Geographic subdivision Mexico
Form subdivision Biography.
650 22 - SUBJECT ADDED ENTRY--TOPICAL TERM
Topical term or geographic name as entry element Catholicism
Geographic subdivision New Mexico
Form subdivision Biography.
650 22 - SUBJECT ADDED ENTRY--TOPICAL TERM
Topical term or geographic name as entry element Hospitals, Religious
Geographic subdivision Mexico
Form subdivision Biography.
650 22 - SUBJECT ADDED ENTRY--TOPICAL TERM
Topical term or geographic name as entry element Hospitals, Religious
Geographic subdivision New Mexico
Form subdivision Biography.
650 22 - SUBJECT ADDED ENTRY--TOPICAL TERM
Topical term or geographic name as entry element Missions and Missionaries
Geographic subdivision Mexico
Form subdivision Biography.
650 22 - SUBJECT ADDED ENTRY--TOPICAL TERM
Topical term or geographic name as entry element Missions and Missionaries
Geographic subdivision New Mexico
Form subdivision Biography.
942 ## - ADDED ENTRY ELEMENTS (KOHA)
Source of classification or shelving scheme Library of Congress Classification
Koha item type General circulation
Holdings
Withdrawn status Lost status Source of classification or shelving scheme Damaged status Not for loan Home library Current library Shelving location Date acquired Source of acquisition Full call number Barcode Date last seen Price effective from Koha item type Public note
    Library of Congress Classification     SEHSS - Library SEHSS - Library General Stacks 27/01/2016 Donation- Books for Africa [EHS] RT 37 .B58 G7 2016/009931 27/01/2016 27/01/2016 General circulation A.K.
Kitui, Kenya.
+254736116989
library@seku.ac.ke